Citpāvana. (Record no. 85508)
[ view plain ]
| 000 -LEADER | |
|---|---|
| fixed length control field | 00897cam a22002891 4500 |
| 001 - CONTROL NUMBER | |
| control field | sa 68014015 |
| 003 - CONTROL NUMBER IDENTIFIER | |
| control field | DLC |
| 005 - DATE AND TIME OF LATEST TRANSACTION | |
| control field | 20260227112628.0 |
| 008 - FIXED-LENGTH DATA ELEMENTS--GENERAL INFORMATION | |
| fixed length control field | 890802s1966 ii b b 000 0 maro |
| 010 ## - LIBRARY OF CONGRESS CONTROL NUMBER | |
| LC control number | sa 68014015 |
| 020 ## - INTERNATIONAL STANDARD BOOK NUMBER | |
| Terms of availability | Rs12.00 |
| 025 ## - OVERSEAS ACQUISITION NUMBER | |
| Overseas acquisition number | PL480:I-Mar-1539 |
| 035 ## - SYSTEM CONTROL NUMBER | |
| System control number | (OCoLC)20115328 |
| 040 ## - CATALOGING SOURCE | |
| Original cataloging agency | DLC |
| Transcribing agency | WaU |
| Modifying agency | NRU |
| -- | TxU |
| -- | OCoLC |
| -- | DLC |
| 043 ## - GEOGRAPHIC AREA CODE | |
| Geographic area code | a-ii--- |
| 050 00 - LIBRARY OF CONGRESS CALL NUMBER | |
| Classification number | HT720 |
| Item number | .C47 |
| 100 1# - MAIN ENTRY--PERSONAL NAME | |
| Personal name | Cāpekara, Nārāyaṇa Govinda, |
| Dates associated with a name | 1869-1968. |
| 245 10 - TITLE STATEMENT | |
| Title | Citpāvana. |
| Statement of responsibility, etc. | Lekhaka Nārāyaṇa Govinda Cāpekara. |
| 250 ## - EDITION STATEMENT | |
| Edition statement | Dvitīyāvr̥tti. |
| 260 ## - PUBLICATION, DISTRIBUTION, ETC. | |
| Place of publication, distribution, etc. | [Badalāpūra, Mahārāshṭra, |
| Name of publisher, distributor, etc. | Lakshmaṇa Nārāyaṇa Cāpekara] |
| Date of publication, distribution, etc. | śake 1888 [1966] |
| 300 ## - PHYSICAL DESCRIPTION | |
| Extent | 34, 307 p. |
| Other physical details | map. |
| Dimensions | 22 cm. |
| 500 ## - GENERAL NOTE | |
| General note | Added t.p. in English. |
| 500 ## - GENERAL NOTE | |
| General note | In Marathi. |
| 504 ## - BIBLIOGRAPHY, ETC. NOTE | |
| Bibliography, etc. note | Bibliographical footnotes. |
| 650 #0 - SUBJECT ADDED ENTRY--TOPICAL TERM | |
| Topical term or geographic name entry element | Caste |
| Geographic subdivision | India |
| -- | Maharashtra |
| General subdivision | Case studies. |
| 650 #0 - SUBJECT ADDED ENTRY--TOPICAL TERM | |
| Topical term or geographic name entry element | Brahmans. |
No items available.